01123nam a2200277 i 450000100060000000300090000600500170001500700030003200800410003502000180007608000320009408000220012610000360014824501100018426000630029430000300035749000650038750400350045260000370048760000270052471000490055183000730060085200330067399900170070695201220072313963ES-MaACL20230906150712.0t|980825s1998 sp ||||1| spa d a84-605-7941-7 a72 Aalto, Alvar (1898-1976) a72 Bryggman, Erik1 aGarcía Ríos, Ismael.95517910aAlvar Aalto y Erik Bryggman b: la aparición del funcionalismo en Finlandia / cIsmael García Ríos. aMadrid : bInstituto Iberoamericano de Finlandia, c[1998] a414 p. : bil. ; c24 cm.1 aActa Ibero-Americana Fennica. Series Hispano-Americana ; v1 aBibliografía : p. [385]-414.14aAalto, Alvar,d1898-1976922633514aBryggman, Erik.9322602 aInstituto Iberoamericano de Finlandia.950910 aActa Ibero-Americana Fennica. Series Hispano-Americana ; v19226336 aES-MaACLjL-21272 bR.126722 c13963d13963 00104070aATENEOMbATENEOMcDEPO2d2008-01-17eSCl0oL-21272p1014207r2023-02-23 00:00:00w2023-02-23yMONOGRAFIA